| 000 | 00352nam a2200133Ia 4500 | ||
|---|---|---|---|
| 100 | _aNewcomer/L.R | ||
| 942 | _cBK | ||
| 654 | _aProgramming | ||
| 245 | _aSchaum''''s outline of theory & probs of programming with advanced structured cobol | ||
| 260 |
_bMcGraw Hill _aNew York _c1987 |
||
| 082 |
_a001.6424C _bNEW |
||
| 300 | _a350 | ||
| 546 | _aENGLISH | ||
| 999 |
_c29191 _d29191 |
||